Online
Catalog

Tomas Moro, criminalista (su ideario político-penal) / (Record no. 12648)

MARC details
000 -CABECERA
campo de control de longitud fija 00778cam a2200217 a 4500
001 - NÚMERO DE CONTROL
campo de control 000013001
005 - FECHA Y HORA DE LA ÚLTIMA TRANSACCIÓN
campo de control 20260205113239.0
008 - DATOS DE LONGITUD FIJA--INFORMACIÓN GENERAL
campo de control de longitud fija 840911s1943 ag a 001 0 spa
040 ## - FUENTE DE LA CATALOGACIÓN
Centro catalogador/agencia de origen DO-SdBNP
Lengua de catalogación spa
Centro/agencia transcriptor LC
Centro/agencia modificador BNPHU
082 ## - NÚMERO DE LA CLASIFICACIÓN DECIMAL DEWEY
Número de clasificación 364
Número de documento/Ítem B644t
049 ## - FONDOS LOCALES (OCLC)
Fondos de biblioteca BNGR
100 1# - ENTRADA PRINCIPAL--NOMBRE DE PERSONA
Nombre de persona Blasco y Fernández de Moreda, Francisco.
9 (RLIN) 29971
245 10 - MENCIÓN DE TÍTULO
Título Tomas Moro, criminalista (su ideario político-penal) /
Mención de responsabilidad, etc. Francisco Blasco y Fernández de Moreda ; prólogo Luis Jiménez de Asúa.
260 ## - PUBLICACIÓN, DISTRIBUCIÓN, ETC.
Lugar de publicación, distribución, etc. Buenos Aires :
Nombre del editor, distribuidor, etc. La Ley,
Fecha de publicación, distribución, etc. 1943.
300 ## - DESCRIPCIÓN FÍSICA
Extensión 155 p. ;
Dimensiones 19 cm.
600 10 - PUNTO DE ACCESO ADICIONAL DE MATERIA--NOMBRE DE PERSONA
Nombre de persona MORE, THOMAS,
Títulos y otros términos asociados al nombre SIR, SAINT,
Fechas asociadas al nombre 1478-1535.
9 (RLIN) 29972
650 #0 - PUNTO DE ACCESO ADICIONAL DE MATERIA--TÉRMINO DE MATERIA
Término de materia o nombre geográfico como elemento de entrada Criminología
9 (RLIN) 17089
650 #0 - PUNTO DE ACCESO ADICIONAL DE MATERIA--TÉRMINO DE MATERIA
Término de materia o nombre geográfico como elemento de entrada Derecho penal
9 (RLIN) 17405
700 1# - PUNTO DE ACCESO ADICIONAL--NOMBRE DE PERSONA
Nombre de persona Jiménez de Asúa, Luis,
Término indicativo de función/relación pról.
9 (RLIN) 29973
910 ## - DATOS DE OPCIÓN DEL USUARIO (OCLC)
Datos de opción del usuario Catalogación por copia / LC
Holdings
Estado de retiro Estado de pérdida Restricciones de uso No para préstamo Código de colección Localización permanente Ubicación/localización actual Ubicación en estantería Fecha de adquisición Número de inventario Total de préstamos Signatura topográfica completa Código de barras Fecha visto por última vez Precio válido a partir de Tipo de ítem Koha
    Préstamo interno   Monografías: Libros y Folletos General General En catalogación 19.11.2009 LF1   364 B644t 13001-10 25.06.2020 25.06.2020 Préstamo interno

Powered by Koha